Encuesta de consumo de energía en el sector comercio y servicios privados
Guardado en:
| Autor Corporativo: | |
|---|---|
| Otros Autores: | |
| Formato: | Libro |
| Lenguaje: | Spanish |
| Publicado: |
San José, C.R. : Ministerio del Ambiente y Energía, Dirección Sectorial de Energía,
1998
|
| Materias: | |
| Etiquetas: |
Agregar Etiqueta
Sin Etiquetas, Sea el primero en etiquetar este registro!
|
MARC
| LEADER | 00000nam a2200000Ia 4500 | ||
|---|---|---|---|
| 003 | L000607 | ||
| 005 | 20221231143844.0 | ||
| 008 | 140116s1988 cr a 000 ||spa d | ||
| 040 | |c cru CEDI | ||
| 082 | |a 333.796.891.3 E56e | ||
| 110 | |9 20504 |a Interamericana de Desarrollo | ||
| 245 | |a Encuesta de consumo de energía en el sector comercio y servicios privados | ||
| 260 | |c 1998 |a San José, C.R. : Ministerio del Ambiente y Energía, Dirección Sectorial de Energía, | ||
| 300 | |c 135, [28] páginas : ilustraciones | ||
| 650 | |x COSTA RICA - COMERCIO |x CONSUMO DE ENERGIA - COSTA RICA - ENCUESTAS |9 20506 | ||
| 700 | |9 20505 |a Alvarado, Fernando |d Coordinador | ||
| 942 | |2 ddc |c BK | ||
| 999 | |c 13291 |d 13291 | ||
